Bekannte Persönlichkeiten aus dem Saarland - Statistiken

Allgemein
  • Dieses Quiz wurde 105 mal gespielt
  • Das Durchschnittsergebnis liegt bei 8 aus 20
Antwortstatistiken
Geburtsjahr Geburtsort Hinweis Person % Korrekt
1964 Saarbrücken Sängerin, gewann mit "Ein bisschen Frieden" 1982 17-jährig den ESC Nicole
87%
1912 Neunkirchen (Saar) Staatschef der DDR und Generalsekretär der SED Erich Honecker
80%
1957 St. Ingbert Fernsehkoch, bekannt als Restauranttester Christian Rach
68%
1962 Völklingen Politikerin (CDU), seit 2018 Bundesvorsitzende der CDU, ehemalige Ministerpräsidentin des Saarlands Annegret Kramp-Karrenbauer
62%
1966 Saarlouis Politiker (SPD), seit 2018 Außenminister Heiko Maas
62%
1943 Saarlouis Politiker (SPD, Linke), ehemaliger Finanzminister, später Oppositionsführer im saarländischen Landtag Oskar Lafontaine
60%
1990 Saarbrücken Fußballer (1. FC Köln), seit 2014 deutscher Nationalspieler (Linksverteidiger/Mittelfeld) Jonas Hector
58%
1944 Sulzbach/Saar ehemaliger Fußballmanager (Schalke 04, Werder Bremen) und -spieler (Borussia Dortmund, Werder Bremen), Zigarrenraucher Rudi Assauer
52%
1948 / 1945 Völklingen Ehepaar, Schlagerduo ("Immer wieder sonntags", "Spaniens Gitarren") {Cindy} & {Bert}
45%
1962 Saarbrücken Sängerin ("(I’ll Never Be) Maria Magdalena", "Everlasting Love"), mit über 30 Millionen verkauften Tonträgern eine der erfolgreichsten Interpretinnen Sandra
44%
1989 Saarbrücken Rapper, 2017 Nr.1 der Charts mit "Was du Liebe nennst" Bausa
43%
1949 Bexbach Kabarettist und Schriftsteller, bekannt durch die Kunstfigur Heinz Becker Gerd Dudenhöffer
38%
1954 Saarbrücken ehemaliger Handballspieler, mehrfacher deutscher Meister und Weltmeister 1978, musste 1979 nach einem Sportunfall seine Karriere beenden Joachim Deckarm
33%
1969 Neunkirchen (Saar) Creative Director, ehemaliger Juror von Germany's next Topmodel Thomas Hayo
31%
1937 Quierschied Leichtathlet, Olympiasieger und Weltmeister im Sprint, Weltrekordhalter im 100 Meter-Sprint (blieb als Erster unter 10 Sekunden) Armin Hary
21%
1902 St. Johann (Saarbrücken) Film-, Theater- und Hörspielregisseur, der in Deutschland, Frankreich und den USA wirkte ("Liebelei ", "Brief einer Unbekannten" "Lola Montez"), Namensgeber eines Filmfestivals Max Ophüls
17%
1964 St. Ingbert Autorennfahrer, mit 5 Meistertiteln Rekordsieger der DTM, kurzzeitig Formel-1-Fahrer (1988-1990) Bernd Schneider
12%
1959 Saarbrücken Schauspielerin ("Anwalt Abel", "Der Schwarzwaldhof", "Marie fängt Feuer") Saskia Vester
4%
1938 Saarbrücken Chanson-Sängerin und Schauspielerin ("La Paloma", "Der amerikanische Soldat"), arbeitete oft mit Rainer Werner Fassbinder zusammen Ingrid Caven
1%
1744 Saarbrücken Enzyklopädist des Ancien Régime August Karl Wilhelm Weissenbruch
0%
Keine übereinstimmenden Quizze gefunden
Verteilung der Resultate
Anzahl Personen mit jedem Resultat
Perzentil nach korrekt beantworteten Fragen
Ihre Resultats-Entwicklung
Sie haben dieses Quiz noch nicht gespielt